Miércoles Santo Sevilla - Estadísticas

Estadísticas generales
  • Esta prueba ha sido intentada 78 veces
  • La puntuación promedio es 14 de 19
Estadísticas de respuestas
Imagen Respuesta % Correcto
Cristo de la Sagrada Lanzada
98%
Cristo del Buen Fin
94%
Virgen del Buen FIn
94%
Virgen del Carmen
88%
Cristo de la Sed
86%
Cristo de Burgos
84%
Cristo de la Misericordia y Virgen de la Piedad
84%
Cristo de la Salud
80%
Cristo de las Siete Palabras
78%
Jesús del Soberano poder en su Prendimiento
76%
Virgen de Regla
73%
Virgen de la Consolación
69%
Virgen de la Palma
69%
Virgen del Refugio
63%
Jesús de la Paz
61%
Virgen de la Caridad
61%
Virgen de la Cabeza
55%
Virgen de Dios de la Palma
53%
Jesús de la Divina Misericordia
35%
No se encontraron pruebas coincidentes
Distribución de puntuación
Porcentaje de gente con cada puntuación
Porcentaje por número respondido
Historial de tus puntuaciones
No has intentado esta prueba.